000 00470nam a2200181Ia 4500
008 240925s9999 xx 000 0 und d
020 _a9788121922593
082 _a390 ROY
100 _aRoy, Indrani Basu
245 0 _aAnthropology: the study of man
250 _aNA
260 _aNew Delhi:
_bS. Chand & Company LTD
_c,2016.
300 _a340p.
_b0
_fOriginal
500 _aIncludes Index
600 _aSocial Sciences
650 _aSocial Sciences
942 _cBK
999 _c17337
_d17337